Flags of the Provinces of Bulgaria - Statistics

General Stats
  • This quiz has been taken 173 times
  • The average score is 16 of 27
Answer Stats
Picture Answer % Correct
Blagoevgrad
82%
Lovech
82%
Silistra
78%
Yambol
77%
Razgrad
75%
Shumen
75%
Sofia
75%
Dobrich
74%
Montana
74%
Vratsa
73%
Pazardzhik
72%
Smolyan
72%
Varna
69%
Kardzhali
67%
Plovdiv
59%
Targovishte
55%
Burgas
54%
Pernik
48%
Ruse
48%
Veliko Tarnovo
48%
Stara Zagora
40%
Vidin
40%
Gabrovo
38%
Pleven
36%
Haskovo
35%
Sliven
32%
Kyustendil
29%
No matching quizzes found
Score Distribution
Percent of People with Each Score
Percentile by Number Answered
Your Score History
You have not taken this quiz